| 000 | 00399nam a2200109Ia 4500 | ||
|---|---|---|---|
| 008 | 171204s9999 xx 000 0 und d | ||
| 245 | _aSpain: Recipes And Traditions From The Seaports Of Galicia To The Plains Of Castile And The Splendors Of Sevilla | ||
| 245 | _cJeff Koehler | ||
| 260 | _c2013 | ||
| 650 | _xCulinary Arts & Sciences with Lab | ||
| 856 | _uhttp://down.ebook777.com/017/B00CUSQMXO.pdf | ||
| 999 |
_c346619 _d346619 |
||